000 01133 a2200277 4500
001 42316
005 20260407155713.0
008 260407a2017 arg spa d
003 AR-UNSa-BCEJYS
040 _aAR-UNSa-BCEJYS
_bspa
_cAR-UNSa-BCEJYS
080 _a331.4(094.5)
_xEntorno del trabajo. Diseño del lugar de trabajo. Seguridad laboral. Higiene laboral (Leyes)
245 1 0 _aHigiene y seguridad en el trabajo
020 _a978-987-01-2006-3
264 1 _aBuenos Aires :
_bErrepar
_c2017
300 _a201 p.
_c27 cm.
505 _a1. Leyes Nacionales - 2. Decretos nacionales - 3. Resolución (MTESS) - 4. Resoluciones (MTySS) - 5. Resoluciones (MS) - 6. Resoluciones (MT Bs. As.) - 7. Resoluciones (SRT) - 8. Disposiciones (DNHST) - 9. Disposición (DNSyST)
041 _aspa
942 _cBK
590 _aniveau_biblio:m niveau_hierar:0
100 1 _aParada, Ricardo Antonio
700 1 _aArgentina [Leyes, etc.]
700 1 _aErrecaborde, José Daniel
650 _aLEY 19.587
856 4 1 _uhttps://biblioeco.unsa.edu.ar/pmb/images/libros/L126573.jpg
_yImagen de portada
_qimage/jpeg
650 _a ley 19 587
999 _c3599
_d3599